00806cam a22002291 4500001001300000003000400013005001700017008004100034010001700075035001900092040003700111042001200148050001900160100004100179245014400220260003600364300004000400500005200440600004100492700002800533999001500561af 49000288 DLC20260227110914.0820126s1943 gw f 000 0 ger c aaf 49000288  a(OCoLC)8094207 aHarvard Univ. LibrarycTxHRdDLC apremarc00aN6923.B9bG7751 aGrimm, Herman Friedrich,d1828-1901.10aMichelangelo,bsein Leben in Geschichte und Kultur seiner Zeit, der Blütezeit der Kunst in Florenz und Rom.c[Hrsg. von Reinhard Jaspert] aBerlin,bSafari-Verlagc[c1943] a352 p.b(p. 257-352 plates)c25 cm. a"Gekürzte Ausg. des ʻLeben Michelangelos."̓10aMichelangelo Buonarroti,d1475-1564.1 aJaspert, Reinhard,eed. c6555d6555